Господину Министру Путей Сообщения (Запись № 12801706)

Подробности
000 -МАРКЕР
контрольное поле 02499nam0a2200373 4500
001 - ИДЕНТИФИКАТОР ЗАПИСИ
контрольное поле RU\NLR\BIBL_A\012676611
005 - ИДЕНТИФИКАТОР ВЕРСИИ
контрольное поле 20260405144648.0
035 ## - ДРУГИЕ СИСТЕМНЫЕ НОМЕРА
Идентификатор записи (NLR Aleph) 012676611
100 ## - ДАННЫЕ ОБЩЕЙ ОБРАБОТКИ
Данные общей обработки 20181108d1902 |||y0rusy50 ca
101 0# - ЯЗЫК РЕСУРСА
Язык текста, звукозаписи и т.д. русский
102 ## - СТРАНА ПУБЛИКАЦИИ ИЛИ ПРОИЗВОДСТВА
Страна публикации российская федерация
105 ## - ПОЛЕ КОДИРОВАННЫХ ДАННЫХ: ТЕКСТОВЫЕ МАТЕРИАЛЫ, МОНОГРАФИЧЕСКИЕ
Кодированные данные о монографическом текстовом документе y z 000yy
181 #0 - ПОЛЕ КОДИРОВАННЫХ ДАННЫХ: ВИД СОДЕРЖАНИЯ
Код вида содержания (ISBD) i
Код характеристики содержания (ISBD) axxe
182 #0 - ПОЛЕ КОДИРОВАННЫХ ДАННЫХ: ТИП СРЕДСТВА
Код типа средства (ISBD) n - непосредственное
200 1# - ЗАГЛАВИЕ И СВЕДЕНИЯ ОБ ОТВЕТСТВЕННОСТИ
Основное заглавие Господину Министру Путей Сообщения
Сведения, относящиеся к заглавию весьма нужное
Первые сведения об ответственности Главноначальствующий гражданской частью на Кавказе. 5 сентября 1902 года. № 11242. В Тифлисе
203 ## - ВИД СОДЕРЖАНИЯ И ТИП СРЕДСТВА
Вид содержания Текст
Дополнительные сведения об издании визуальный
Тип средства непосредственный
210 ## - ПУБЛИКАЦИЯ, РАСПРОСТРАНЕНИЕ И ДР.
Место издания, распространения и т.д. Тифлис
Имя издателя, распространителя и т. д. [б. и.]
Дата издания, распространения и т.д. 1902
215 ## - ФИЗИЧЕСКАЯ ХАРАКТЕРИСТИКА
Специфическое обозначение материала и объем 2 с.
Размеры 34
300 ## - ОБЩИЕ ПРИМЕЧАНИЯ
Текст примечания Текст начинается словами: В проезд мой по Черноморской губернии, между прочим, от Адлера до Красной Поляны, я лично убедился в громадном значении для экономического развития значительного и весьма плодородного района...
300 ## - ОБЩИЕ ПРИМЕЧАНИЯ
Текст примечания В конце текста: Подписал: Сенатор Генерал-Адъютант Кн. Голицын; Скрепил И.д. директора Вл. Трофимов
309 ## - ПРИМЕЧАНИЯ ОБ ОСНОВНОМ ИСТОЧНИКЕ ИНФОРМАЦИИ И ОБ ОСОБЕННОСТЯХ ПОЛИГРАФИЧЕСКОГО ОФОРМЛЕНИЯ ИЗДАНИЯ
Текст примечания Без тит. л. и обл.
517 1# - ДРУГИЕ ВАРИАНТЫ ЗАГЛАВИЯ
Вариант заглавия В проезд мой по Черноморской губернии, между прочим, от Адлера до Красной Поляны, я лично убедился в громадном значении для экономического развития значительного и весьма плодородного района...
606 1# - НАИМЕНОВАНИЕ ТЕМЫ КАК ПРЕДМЕТ
Наименование темы Горные дороги
Тематический подзаголовок Строительство
Географический подзаголовок Россия
Системный номер авторитетной/нормативной записи 2546973
Идентификатор авторитетной/нормативной записи RU\NLR\AUTH\661507424
686 3# - ИНДЕКСЫ ДРУГИХ КЛАССИФИКАЦИЙ
Индекс У31(28)537.3(2Р37)
686 3# - ИНДЕКСЫ ДРУГИХ КЛАССИФИКАЦИЙ
Индекс О111-06
702 #1 - ИМЯ ЛИЦА - ВТОРИЧНАЯ ОТВЕТСТВЕННОСТЬ
Код отношения Подписавшее лицо
Материалы, к которым относится поле rus
Графика поля Кириллица
Начальный элемент ввода Голицын
Часть имени, кроме начального элемента ввода Н. Д.
Даты 1850-1925
Расширение инициалов личного имени Николай Дмитриевич
Идентификатор авторитетной/нормативной записи RU\NLR\AUTH\7760226
Системный номер авторитетной/нормативной записи 43157
702 #1 - ИМЯ ЛИЦА - ВТОРИЧНАЯ ОТВЕТСТВЕННОСТЬ
Код отношения Подписавшее лицо
Графика поля Кириллица
Материалы, к которым относится поле rus
Начальный элемент ввода Трофимов
Часть имени, кроме начального элемента ввода В. О.
Дополнения к именам, кроме дат участник Белого движения, генерал-лейтенант
Даты 1860-1924
Расширение инициалов личного имени Владимир Онуфриевич
Системный номер авторитетной/нормативной записи 251532
Идентификатор авторитетной/нормативной записи RU\NLR\AUTH\770251588
852 ## - МЕСТОНАХОЖДЕНИЕ И ШИФР ХРАНЕНИЯ
Идентификатор организации NLR
Шифр хранения (Call Number) 135/294-364 (15-2)
942 ## - ДОПОЛНИТЕЛЬНЫЕ ЭЛЕМЕНТЫ ЗАПИСИ (АБИС)
Тип экземпляра АБИС Книга
980 ## - КОЛЛЕКЦИЯ
Название коллекции Национальная библиография

Нет доступных экземпляров.